=LDR 00000nam 2200000 4500 =001 INLIS000000000002298 =005 20130612090639 =008 ***********************************Ind** =035 ##$$a0010-061300000002298 =041 ##$$a Ind =082 ##$$a 892.7 =090 ##$$a 892.7, Gib i =100 ##$$a Gibran, Kahlil =245 ##$$a Lazarus dan kekasihnya, Kahlil Gibran =260 ##$$a 1999 $b Yogyakarta =300 ##$$a viii, 125 hlm, 21 cm =650 ##$$a Kesusastraan Arab =850 ##$$a NBPNMAT =990 ##$$a 21400613/BPAP-NTB/20142014